Bodrogszerdahelyről az élvonalba a junior csapat vb-bronzérmes Vass Gyula tavaly egyéniben is jeleskedett

Bibliographic Details
Format: Article
Language:Hungarian
PhysicalDescription:Fotogr.
ISSN:1335-7050
Subjects:

MARC

LEADER 00000nab a2200000 ar4500
001 vtls010038330
003 SK-MaSNL
005 20260318122136.0
008 100113c20100105xo |||||||| 000 b|hun
015 |a SNBRB2010/01  |2 snkbucl 
038 |a SNKBUCL 
040 |a DSZK  |b slo  |c DSZK  |e AACR2 
041 0 |a hun 
044 |a xo  |c SK 
080 |a 799.3.071.2  |2 2001 
080 |a 799.312.52  |2 2001 
080 |a 929 Vass, Július  |2 2001 
245 0 0 |a Bodrogszerdahelyről az élvonalba  |b a junior csapat vb-bronzérmes Vass Gyula tavaly egyéniben is jeleskedett  |c [szerző] (jmk) 
300 |b Fotogr. 
600 1 7 |a Vass, Július  |2 snkbucl  |9 1566594 
650 0 7 |a športová streľba  |2 SNKPH  |9 29098 
650 0 7 |a trap (šport)  |2 snkbucl  |9 1566506 
650 0 7 |a športoví strelci  |2 SNKPH  |9 78645 
651 7 |a Streda nad Bodrogom (Slovensko)  |2 SNKPHgeo  |9 28593 
773 0 |t Új szó  |g Évf. 63, sz. 3 (5.1.2010), o. 18  |x 1335-7050 
852 |a SNK  |b KIS3GCP 
852 |a DSZK  |b KIS3GCP 
958 |a HU 
958 |a SK 
999 |c 3192521  |d 3194451